Jugadores Deportivo de La Coruña 2022/23 - Estadísticas

Estadísticas generales
  • Esta prueba ha sido intentada 70 veces
    61 desde el último reinicio
  • La puntuación promedio es 13 de 24
Estadísticas de respuestas
Hint Respuesta % Correcto
7 Lucas Pérez
93%
23 Yeremay Hernández
87%
1 Ian Mackay
84%
22 Diego Villares
78%
16 Pablo Martínez
78%
10 Mario Soriano
73%
9 Alberto Quiles
69%
19 Jaime Sánchez
69%
3 Adrián Lapeña
64%
4 Alex Bergantiños
62%
2 Antoñito
62%
20 Max Svensson
47%
18 Trilli
47%
13 Pablo Brea
42%
8 Roberto Olabe
42%
24 Edu Sousa
40%
6 Isi Gómez
40%
12 Orest Lebedenko
38%
15 Raúl Carnero
38%
21 Rubén Díez
38%
17 Kuki Zalazar
33%
14 Arturo Rodríguez
31%
11 Kike Saverio
29%
5 Pepe Sánchez
20%
No se encontraron pruebas coincidentes
Distribución de puntuación
Porcentaje de gente con cada puntuación
Porcentaje por número respondido
Historial de tus puntuaciones
No has intentado esta prueba desde el último reinicio